Deportes de las Olimpiadas de Verano del 2012 - Estadísticas

Estadísticas generales
  • Esta prueba ha sido intentada 517 veces
    488 desde el último reinicio
  • La puntuación promedio es 16 de 26
Estadísticas de respuestas
Deporte % Correcto
Fútbol (Soccer)
97%
Acuaticos
94%
Atletismo
93%
Baloncesto
85%
Tenis
80%
Tiro olímpico
72%
Gimnasia
70%
Balonmano
68%
Equitación
68%
Judo
64%
Boxeo
62%
Ciclismo
61%
Tenis de mesa
61%
Esgrima
55%
Hockey
54%
Bádminton
53%
Taekwondo
53%
Vela
51%
Voleibol
51%
Piragüismo
50%
Lucha libre
48%
Tiro con arco
47%
Remo
42%
Halterofilia
41%
Triatlón
41%
Pentatlón moderno
24%
No se encontraron pruebas coincidentes
Distribución de puntuación
Porcentaje de gente con cada puntuación
Porcentaje por número respondido
Historial de tus puntuaciones
No has intentado esta prueba desde el último reinicio